| 000 | 00305nam a2200121Ia 4500 | ||
|---|---|---|---|
| 008 | 240731s9999 xx 000 0 und d | ||
| 022 | _a1532-7574 | ||
| 245 | 0 | _aInternational Journal of Testing | |
| 260 | _bRoutledge | ||
| 856 | _uhttps://www.tandfonline.com/loi/hijt20 | ||
| 942 | _2ddc | ||
| 942 | _cTFEJ | ||
| 999 |
_c77274 _d77274 |
||
| 945 |
_a1 _bMadushi Gamage _c1 _dMadushi Gamage |
||